000 01266pam a2200313 a 4500
999 _c128863
_d128863
001 3071012
003 ARRUPE
005 20190130104753.0
008 970626s1998 nyu b 001 0 eng
010 _a 97022787
020 _a0375500545 (alk. paper)
040 _aDLC
_cDLC
_dDLC
050 0 0 _aBL240.2
_b.W526 1998
082 0 0 _a215
_221
100 1 _aWilber, Ken.
_944286
245 1 4 _aThe marriage of sense and soul :
_bintegrating science and religion /
_cKen Wilber.
250 _a1st ed.
260 _aNew York :
_bRandom House,
_cc1998.
300 _axii, 225 p. ;
_c25 cm.
504 _aIncludes bibliographical references (p. [215]) and index.
650 0 _aReligion and science.
_944287
856 4 2 _3Contributor biographical information
_uhttp://www.loc.gov/catdir/bios/random057/97022787.html
856 4 2 _3Publisher description
_uhttp://www.loc.gov/catdir/description/random0412/97022787.html
906 _a7
_bcbc
_corignew
_d1
_eocip
_f19
_gy-gencatlg
942 _2lcc
_cMONOGRAPH